<?xml version="1.0" encoding="UTF-8"?>
<record
    xmlns:xsi="http://www.w3.org/2001/XMLSchema-instance"
    xsi:schemaLocation="http://www.loc.gov/MARC21/slim http://www.loc.gov/standards/marcxml/schema/MARC21slim.xsd"
    xmlns="http://www.loc.gov/MARC21/slim">

  <leader>01659nam a22001937a 4500</leader>
  <controlfield tag="008">150115b        xxu||||| |||| 00| 0 eng d</controlfield>
  <datafield tag="020" ind1=" " ind2=" ">
    <subfield code="a">0131275992</subfield>
  </datafield>
  <datafield tag="050" ind1=" " ind2=" ">
    <subfield code="a">HF5438.25.M35</subfield>
  </datafield>
  <datafield tag="100" ind1=" " ind2=" ">
    <subfield code="a">Manning, Gerald L.</subfield>
  </datafield>
  <datafield tag="245" ind1=" " ind2=" ">
    <subfield code="a">Selling today:</subfield>
    <subfield code="b">creating customer value. /</subfield>
    <subfield code="c">Gerald L. Manning, Barry L. Reece and H.F.(Herb) Mackenzie</subfield>
  </datafield>
  <datafield tag="250" ind1=" " ind2=" ">
    <subfield code="a">4th ed.</subfield>
  </datafield>
  <datafield tag="260" ind1=" " ind2=" ">
    <subfield code="a">Toronto:</subfield>
    <subfield code="b">Prentice Hall,</subfield>
    <subfield code="c">2007.</subfield>
  </datafield>
  <datafield tag="300" ind1=" " ind2=" ">
    <subfield code="a">xxix,450p.:</subfield>
    <subfield code="b">ill.;</subfield>
    <subfield code="c">26cm.</subfield>
  </datafield>
  <datafield tag="500" ind1=" " ind2=" ">
    <subfield code="a">Includes index.</subfield>
  </datafield>
  <datafield tag="505" ind1=" " ind2=" ">
    <subfield code="a">Contents: Developing a personal selling philosophy for the new economy: Personal selling today: introduction and overview -- Personal selling opportunities in the age of information -- Developing a relationship strategy: Creating value with a relationship strategy -- Communication styles:managing the relationship process -- Ethics: the foundation for relationships in selling -- Developing a product strategy: Creating product solutions -- Product-selling strategies that add value -- Developing a customer strategy: The buying process and buyer behaviour -- Developing a prospect base -- Developing a presentation strategy: Approaching the customer -- Creating the consultative sales presentation -- Creating value with the sales demonstration -- Negotiating buyer concerns -- Closing the sale and confirming the partnership -- Servicing the sale and building the partnership -- Management of self and other: Management of self: the key to greater sales productivity -- Management of the sales force -- Appendix: software installation for sales force automation (CRM) application.</subfield>
  </datafield>
  <datafield tag="700" ind1=" " ind2=" ">
    <subfield code="a">Reece, Barry L.</subfield>
  </datafield>
  <datafield tag="700" ind1=" " ind2=" ">
    <subfield code="a">Mackenzie, (Herb) H.F.</subfield>
  </datafield>
  <datafield tag="942" ind1=" " ind2=" ">
    <subfield code="2">lcc</subfield>
    <subfield code="c">BK</subfield>
  </datafield>
  <datafield tag="999" ind1=" " ind2=" ">
    <subfield code="c">5288</subfield>
    <subfield code="d">12788</subfield>
  </datafield>
  <datafield tag="952" ind1=" " ind2=" ">
    <subfield code="0">0</subfield>
    <subfield code="1">0</subfield>
    <subfield code="2">lcc</subfield>
    <subfield code="4">0</subfield>
    <subfield code="7">0</subfield>
    <subfield code="a">WIUC-1</subfield>
    <subfield code="b">WIUC-1</subfield>
    <subfield code="c">REF</subfield>
    <subfield code="d">2015-01-15</subfield>
    <subfield code="l">0</subfield>
    <subfield code="o">HF5438.25.M35</subfield>
    <subfield code="p">7492/520/13</subfield>
    <subfield code="r">2015-01-15 00:00:00</subfield>
    <subfield code="w">2015-01-15</subfield>
    <subfield code="y">BK</subfield>
  </datafield>
</record>
